| 000 | 00765cam a2200253 4500 | ||
|---|---|---|---|
| 001 | ABS61908 | ||
| 008 | 000000n2000 000 0 eng u | ||
| 035 | _a(Sirsi) u104395 | ||
| 245 | _aRegional Survey: Berkshire | ||
| 260 | _c2000 | ||
| 490 |
_aProperty Week _v65(7) 18 February 2000 45-80(15) |
||
| 590 | _aABS | ||
| 650 | _aNEWBURY | ||
| 650 | _aREADING | ||
| 650 | _aMAIDENHEAD | ||
| 650 | _aSLOUGH | ||
| 650 | _aBRACKNELL | ||
| 650 | _aOUT OF TOWN DEVELOPMENT | ||
| 650 | _aINDUSTRIAL MARKET | ||
| 650 | _aPROPERTY-COMMERCIAL PROPERTY-RETAIL PROPERTY-RETAIL PROPERTY MARKET | ||
| 650 | _aPROPERTY-COMMERCIAL PROPERTY-OFFICE PROPERTY-OFFICE PROPERTY MARKET | ||
| 690 | _aPROPERTY-COMMERCIAL PROPERTY-COMMERCIAL PROPERTY MARKET | ||
| 942 | _n0 | ||
| 999 |
_c62632 _d62632 |
||